00563nam a22001337a 4500008004100000040005500041080002100096100002300117245004400140260003700184500018200221650001700403653000900420230526b |||||||| |||| 00| 0 eng d aNational Science LibrarycNational Science Library aR 016:543.25bK4 aSigneur, Austin V  aGuide to gas chromatography literature  aNew York: bPlenum Press, c1979 aVol. 2 (Guide to gas chromatography literature), 349p. Vol. 3 (Guide to gas chromatography literature) ; ix, 1089p. Vol. 4 (Guide to gas chromatography literature) ; vii, 1321p. aBibliography aGas